| 000 | 00483ntaaa2200193 4500 | ||
|---|---|---|---|
| 003 | 01 | ||
| 005 | 20251027202540.0 | ||
| 008 | 0714s1973 ag 01 | ||
| 040 |
_aAR-BaBN _bspa _cAR-BaBN _eaacr _dRIC |
||
| 082 | _a301.1550 D65 | ||
| 100 |
_aDobbins, Gaines S _94660 |
||
| 245 | _aLearning to lead | ||
| 250 | _a1 ed. | ||
| 260 |
_aNashville : _bBroadman Press, _cc1968 |
||
| 300 | _a127 p | ||
| 500 | _aAprendiendo a dirigir como lĂder | ||
| 650 |
_aliderazgo _91127 |
||
| 942 | _cBK | ||
| 999 |
_c20521 _d20521 |
||